000 01180nam a2200301 a 4500
001
003 DO-SdBNP
005 20210504132658.0
007
008 100222s1998 dr a 000 0 spa d
040 _aBPMSU
_bspa
_cBPMSU
082 _a342.729307
_bR426c,1998
_222
110 2 _aRepública Dominicana.
_bJunta Central Electoral
240 _a[Leyes, etc.].
245 1 0 _aCompilación de la legislación electoral de la República Dominicana, 1998 /
_cpresentación Juan Sully Bonnelly Batlle
_b
260 _aSanto Domingo :
_bJunta Central Electoral,
_c1998
300 _a75 p. ;
_c22 cm.
_b
505 0 _aConstitución de la República Dominicana -- Ley electoral no. 5884 -- Reglamentos de la Junta Central Electoral -- Resoluciones de la Junta Central Electoral -- Relación de alianzas electorales
590 _6Inventariado, 2021/VM
650 4 _aElecciones
_xLegislación
_z República Dominicana
650 4 _aSufragio
_xLegislación
_zRepública Dominicana
700 1 _aBonnelly Batlle, Juan Sully
910 _aVMateo
930 1 _l
_m
_h
_8
_f
_p
_g
_h
930 1 _l
_m
_h
_8
_f
_p
_g
_h
942 _2ddc
_cBK
956 _a
_b
_c
_l
_h
999 _c13451
_d13451